000 00595nam a22002177a 4500
003 DO-SdBNP
005 20211112143350.0
007 ta
008 211112b2021 dr ||||| |||| 00| 0 eng d
020 _a9789945624243
040 _aDO-SdBNP
_bspa
_cBNPHU
082 4 _222
100 1 _aBeltré, Rufina
_980615
245 1 0 _aGuerreras reales /
_cRufina Beltré, Catherine Contreras
260 _aSanto Domingo :
_bFR Multiservicios,
_c2021.
300 _a201 p. ;
_c21 cm.
590 _aInventariado,2021/BT
700 1 _aContreras, Catherine
_980616
910 _aBtavárez
942 _2ddc
_cLBS1
999 _c50959
_d50959